[Event "Almansa op-B"]
[Site "Almansa"]
[Date "2022.08.14"]
[Round "8"]
[White "Vazquez Gonzalez, Francisco"]
[Black "Lloret Climent, Miguel"]
[Result "0-1"]
[WhiteElo "1835"]
[BlackElo "1939"]
[PlyCount "62"]
[EventDate "2022.08.10"]
[EventType "swiss"]
[EventRounds "8"]
[EventCountry "ESP"]
[SourceTitle "CBM 210 Extra"]
[Source "ChessBase"]
[SourceDate "2022.11.30"]
[SourceVersion "1"]
[SourceVersionDate "2022.11.30"]
[SourceQuality "1"]

1. e4 c5 2. Nc3 Nc6 3. a3 e6 4. Bc4 Nf6 5. d3 Be7 6. Ba2 d5 7. exd5 exd5 8. h3 Be6 9. Nf3 d4 10. Bxe6 fxe6 11. Ne2 Qd7 12. Bf4 0-0 13. Qd2 Nd5 14. Ne5 Nxe5 15. Bxe5 Rf5 16. Bg3 e5 17. c4 Bg5 18. Qc2 Nf4 19. Bxf4 exf4 20. h4 Bh6 21. f3 Re5 22. 0-0-0 Rae8 23. Rde1 R8e6 24. Kd1 Qe8 25. Qd2 Qa4+ 26. Kc1 Re3 27. Rhf1 Qb3 28. Ng1 Rxd3 29. Rxe6 Rxd2 30. Kxd2 Qxb2+ 31. Kd1 d3 0-1

[Event "Merida World Heritage op 2nd"]
[Site "Merida"]
[Date "2022.08.05"]
[Round "6"]
[White "Rey Martinez, Jaime"]
[Black "Vazquez Gonzalez, Francisco"]
[Result "1-0"]
[WhiteElo "2144"]
[BlackElo "1835"]
[PlyCount "39"]
[EventDate "2022.08.02"]
[EventType "swiss"]
[EventRounds "9"]
[EventCountry "ESP"]
[SourceTitle "EXT 2023"]
[Source "ChessBase"]
[SourceDate "2022.10.05"]
[SourceVersion "1"]
[SourceVersionDate "2022.10.05"]
[SourceQuality "1"]

1. e4 e5 2. Nf3 Nc6 3. Bb5 f5 4. d3 Nf6 5. 0-0 d6 6. exf5 Bxf5 7. d4 e4 8. d5 exf3 9. dxc6 b6 10. Qxf3 Bxc2 11. Qe2+ Be4 12. f3 d5 13. fxe4 dxe4 14. Nc3 Qd4+ 15. Be3 Qe5 16. Rad1 Bd6 17. Bf4 Qc5+ 18. Kh1 Bxf4 19. Rxf4 0-0 20. Qc4+ 1-0

[Event "Madrid-ch Seniors 50"]
[Site "Madrid"]
[Date "2022.03.28"]
[Round "1"]
[White "Fernandez Rodriguez, Juan Andres"]
[Black "Vazquez Gonzalez, Francisco"]
[Result "0-1"]
[WhiteElo "1128"]
[BlackElo "1851"]
[PlyCount "112"]
[EventDate "2022.03.28"]
[EventType "swiss"]
[EventRounds "9"]
[EventCountry "ESP"]
[SourceTitle "EXT 2023"]
[Source "ChessBase"]
[SourceDate "2022.10.05"]
[SourceVersion "1"]
[SourceVersionDate "2022.10.05"]
[SourceQuality "1"]

1. d4 f5 2. Bf4 Nf6 3. e3 g6 4. c4 Bg7 5. Nc3 0-0 6. Nf3 d6 7. Be2 c6 8. 0-0 Na6 9. a3 Nc7 10. d5 Ne4 11. Rc1 Nxc3 12. bxc3 c5 13. Re1 Ne8 14. Ng5 h6 15. Ne6 Bxe6 16. dxe6 Qc8 17. Bf3 Nc7 18. Bd5 Kh7 19. Qf3 Rb8 20. e4 Nxe6 21. exf5 Nxf4 22. Qxf4 Rxf5 23. Qg4 Qf8 24. Rc2 h5 25. Qh4 Bf6 26. Qg3 Be5 27. Qe3 Qh6 28. Qxh6+ Kxh6 29. Re3 b5 30. cxb5 Rxb5 31. g3 Bxc3 32. Rexc3 Rxd5 33. Kg2 a5 34. a4 Rb4 35. Rc4 Rxc4 36. Rxc4 Rd4 37. Rxd4 cxd4 38. Kf3 Kg5 39. Ke4 e5 40. f4+ Kf6 41. h3 Ke6 42. g4 d5+ 43. Kf3 e4+ 44. Ke2 d3+ 45. Ke3 d4+ 46. Kd2 h4 47. f5+ gxf5 48. g5 f4 49. g6 Kf6 50. g7 Kxg7 51. Ke1 e3 52. Kd1 f3 53. Ke1 d2+ 54. Kd1 f2 55. Ke2 d1Q+ 56. Kxd1 f1Q+ 0-1

[Event "Salamanca Unamuno Cup"]
[Site "Salamanca"]
[Date "2021.12.05"]
[Round "4"]
[White "Gago Padreny, Ignacio"]
[Black "Vazquez Gonzalez, Francisco"]
[Result "1/2-1/2"]
[WhiteElo "2241"]
[BlackElo "1852"]
[PlyCount "66"]
[EventDate "2021.12.03"]
[EventType "swiss"]
[EventRounds "9"]
[EventCountry "ESP"]
[SourceTitle "EXT 2023"]
[Source "ChessBase"]
[SourceDate "2022.10.05"]
[SourceVersion "1"]
[SourceVersionDate "2022.10.05"]
[SourceQuality "1"]

1. d4 f5 2. c4 Nf6 3. Nc3 g6 4. h4 d6 5. h5 Nxh5 6. Rxh5 gxh5 7. e4 Be6 8. Nh3 Qd7 9. Ng5 fxe4 10. Qxh5+ Kd8 11. Be2 Bg8 12. Ncxe4 Qe8 13. Qh3 h5 14. Be3 Nd7 15. Ne6+ Bxe6 16. Qxe6 Bg7 17. Ng5 Rf8 18. Qh3 Rf6 19. Ne6+ Rxe6 20. Qxe6 Nf6 21. 0-0-0 c6 22. Rh1 Kc7 23. Rh3 Bf8 24. c5 Rd8 25. cxd6+ Kb8 26. dxe7 Bxe7 27. Qe5+ Ka8 28. Bxh5 Nxh5 29. Rxh5 Qf7 30. Rh8 Qc4+ 31. Kb1 Qd3+ 32. Kc1 Qc4+ 33. Kb1 Qd3+ 1/2-1/2

[Event "Merida World Heritage op 1st"]
[Site "Merida"]
[Date "2021.08.07"]
[Round "7"]
[White "De Nacimiento Montano, Angel"]
[Black "Vazquez Gonzalez, Francisco"]
[Result "1-0"]
[WhiteElo "2185"]
[BlackElo "1856"]
[PlyCount "67"]
[EventDate "2021.08.04"]
[EventType "swiss"]
[EventRounds "9"]
[EventCountry "ESP"]
[SourceTitle "EXT 2023"]
[Source "ChessBase"]
[SourceDate "2022.10.05"]
[SourceVersion "1"]
[SourceVersionDate "2022.10.05"]
[SourceQuality "1"]

1. d4 f5 2. Bf4 Nf6 3. e3 d6 4. Nc3 c6 5. Bd3 Qb6 6. Rb1 Na6 7. a3 Nc7 8. h3 Qa5 9. b4 Qxa3 10. Rb3 Qxb3 11. cxb3 Ncd5 12. Nxd5 Nxd5 13. b5 Bd7 14. bxc6 bxc6 15. Ne2 g6 16. 0-0 Bg7 17. Bc4 Nf6 18. Qc2 h6 19. Ra1 g5 20. Bh2 Ne4 21. f3 Nf6 22. Bd3 Nd5 23. Bxf5 Nxe3 24. Bxd7+ Kxd7 25. Qd3 Nd5 26. Bg3 Rhb8 27. Kh2 Bf6 28. Ra3 a5 29. Nc3 Nb4 30. Qf5+ Kc7 31. Rxa5 Bxd4 32. Ne4 Nd5 33. Rxd5 cxd5 34. Qxd5 1-0

[Event "Merida World Heritage op 1st"]
[Site "Merida"]
[Date "2021.08.05"]
[Round "3"]
[White "Lopera Fernandez, Fernando"]
[Black "Vazquez Gonzalez, Francisco"]
[Result "0-1"]
[WhiteElo "1268"]
[BlackElo "1856"]
[PlyCount "28"]
[EventDate "2021.08.04"]
[EventType "swiss"]
[EventRounds "9"]
[EventCountry "ESP"]
[SourceTitle "EXT 2023"]
[Source "ChessBase"]
[SourceDate "2022.10.05"]
[SourceVersion "1"]
[SourceVersionDate "2022.10.05"]
[SourceQuality "1"]

1. e4 e5 2. Nf3 Nc6 3. Nc3 Nf6 4. Bc4 Nxe4 5. d3 Nxc3 6. bxc3 d5 7. Bb3 Bg4 8. c4 Nd4 9. 0-0 Qf6 10. Qd2 Bxf3 11. Qg5 Be2 12. Qxf6 gxf6 13. Re1 Nf3+ 14. gxf3 Rg8+ 0-1

[Event "Madrid-ch Seniors 50"]
[Site "Madrid"]
[Date "2020.01.23"]
[Round "9"]
[White "Vazquez Gonzalez, Francisco"]
[Black "Martin Rodriguez, Emilio"]
[Result "0-1"]
[WhiteElo "1931"]
[BlackElo "2026"]
[PlyCount "102"]
[EventDate "2020.01.13"]
[EventType "swiss"]
[EventRounds "9"]
[EventCountry "ESP"]
[SourceTitle "CBM 194 Extra"]
[Source "ChessBase"]
[SourceDate "2020.03.31"]
[SourceVersion "1"]
[SourceVersionDate "2020.03.31"]
[SourceQuality "1"]

1. e4 e6 2. d4 d5 3. e5 c5 4. c3 Nc6 5. Be3 Qb6 6. Qd2 Bd7 7. Nf3 cxd4 8. cxd4 Nge7 9. Bd3 Nf5 10. Bxf5 exf5 11. 0-0 Bb4 12. Nc3 Bxc3 13. bxc3 Na5 14. Rab1 Qc6 15. Qb2 0-0 16. Nd2 b6 17. Qb4 Rac8 18. Rfc1 Rfe8 19. Bf4 Re6 20. Nf1 h6 21. h4 Nc4 22. Qb3 Re7 23. Qd1 Qg6 24. Ne3 Be6 25. Rb4 Nxe3 26. Bxe3 Rec7 27. c4 f4 28. Bxf4 Qe4 29. Qd2 Rxc4 30. Rbxc4 dxc4 31. Re1 Qf5 32. f3 Bd5 33. Rc1 b5 34. Be3 Rc6 35. Qc3 Rg6 36. Kf1 Rxg2 37. Bf2 Bxf3 38. Qe3 Qh3 39. Ke1 c3 40. Qxc3 Qh1+ 41. Kd2 Rxf2+ 42. Ke3 Re2+ 43. Kd3 Qg2 44. Qc8+ Kh7 45. Qf5+ Qg6 46. Qxg6+ Kxg6 47. Rg1+ Rg2 48. Rb1 Rxa2 49. Kc3 a6 50. Kb4 Ra4+ 51. Kc5 Rc4+ 0-1

[Event "Madrid-ch sf"]
[Site "Madrid"]
[Date "2019.05.07"]
[Round "2"]
[White "Largo Barbero, Benito"]
[Black "Vazquez Gonzalez, Francisco"]
[Result "1-0"]
[WhiteElo "1878"]
[BlackElo "1968"]
[PlyCount "89"]
[EventDate "2019.05.06"]
[EventType "swiss"]
[EventRounds "9"]
[EventCountry "ESP"]
[SourceTitle "CBM 190 Extra"]
[Source "ChessBase"]
[SourceDate "2019.07.15"]
[SourceVersion "1"]
[SourceVersionDate "2019.07.15"]
[SourceQuality "1"]

1. d4 f5 2. Bf4 Nf6 3. e3 d6 4. Nd2 Nc6 5. Ngf3 e6 6. c3 Be7 7. Bc4 0-0 8. h3 Ne4 9. h4 h6 10. Qe2 Bd7 11. Rh3 a6 12. Bd3 Nf6 13. Rh1 Ng4 14. e4 e5 15. Bc4+ Kh8 16. Bg5 f4 17. Bxe7 Qxe7 18. 0-0-0 Na5 19. Bd3 b5 20. Nh2 Qxh4 21. Nxg4 Qxg4 22. Nf3 Qe6 23. d5 Qf6 24. Nh4 Kg8 25. Rdg1 Qg5 26. Kb1 Bg4 27. f3 Bd7 28. g3 fxg3 29. Qe1 Rf4 30. Rxg3 Qf6 31. Rg6 Qf7 32. Nf5 Bxf5 33. exf5 Rxf5 34. Qg3 Rxf3 35. Rgxh6 Qf6 36. Bh7+ Kf7 37. Rxf6+ Rxf6 38. Rg1 Rf8 39. Qxg7+ Ke8 40. Qxc7 Nc4 41. Bg6+ Rxg6 42. Rxg6 Rf1+ 43. Kc2 Rf2+ 44. Kd1 Nxb2+ 45. Kc1 1-0

[Event "ESP-ch rapid"]
[Site "Linares"]
[Date "2018.08.19"]
[Round "2"]
[White "Santos Ruiz, Miguel"]
[Black "Vazquez Gonzalez, Francisco"]
[Result "1-0"]
[WhiteElo "2517"]
[BlackElo "1926"]
[PlyCount "71"]
[EventDate "2018.08.19"]
[EventType "swiss (rapid)"]
[EventRounds "9"]
[EventCountry "ESP"]
[SourceTitle "CBM 186 Extra"]
[Source "ChessBase"]
[SourceDate "2018.08.24"]
[SourceVersion "1"]
[SourceVersionDate "2018.08.24"]
[SourceQuality "1"]

1. c4 f5 2. g3 Nf6 3. d4 d6 4. Nf3 g6 5. Bg2 Bg7 6. 0-0 0-0 7. Nc3 c6 8. b3 Na6 9. Bb2 Nc7 10. Re1 Qe8 11. e4 fxe4 12. Nxe4 Nxe4 13. Rxe4 Bf5 14. Re1 Qf7 15. Qd2 Bf6 16. h4 Qg7 17. Rac1 Rae8 18. Ba1 Ne6 19. d5 Nc5 20. dxc6 bxc6 21. Nd4 Bd7 22. Nxc6 Bxc6 23. Bxc6 Rc8 24. Bd5+ Kh8 25. Qe3 e5 26. b4 Na6 27. a3 Qd7 28. Red1 Bg7 29. Bg2 Qe7 30. Qd3 Qf6 31. Qxd6 Qxf2+ 32. Kh2 Nb8 33. Rf1 Qe3 34. Rce1 Qh6 35. Rxf8+ Rxf8 36. Bxe5 1-0

[Event "San Sebastian de los Reyes op 19th"]
[Site "San Sebastian"]
[Date "2017.12.04"]
[Round "3"]
[White "Vazquez Gonzalez, Francisco"]
[Black "Gonzalez Garcia, Luis"]
[Result "1-0"]
[WhiteElo "1931"]
[BlackElo "1551"]
[PlyCount "47"]
[EventDate "2017.12.02"]
[EventType "swiss"]
[EventRounds "9"]
[EventCountry "ESP"]
[SourceTitle "CBM 182 Extra"]
[Source "ChessBase"]
[SourceDate "2018.02.23"]
[SourceVersion "1"]
[SourceVersionDate "2018.02.23"]
[SourceQuality "1"]

1. e4 d6 2. d4 Nf6 3. Nc3 Nbd7 4. Nf3 e5 5. Bc4 Be7 6. 0-0 h6 7. h3 c6 8. a4 Qc7 9. Ba2 g5 10. Nh2 Rg8 11. Be3 Nf8 12. f3 Ng6 13. Ng4 Nxg4 14. fxg4 Nf4 15. g3 Ne6 16. d5 cxd5 17. Nxd5 Qd8 18. Qf3 Rg7 19. Rad1 a6 20. Bb6 Qd7 21. Bb3 Qc6 22. a5 Nd4 23. Rxd4 exd4 24. Nc7+ 1-0

[Event "San Sebastian de los Reyes op 19th"]
[Site "San Sebastian"]
[Date "2017.12.02"]
[Round "1"]
[White "Vazquez Gonzalez, Francisco"]
[Black "Rial Rodriguez, Marta"]
[Result "1-0"]
[WhiteElo "1931"]
[BlackElo "1509"]
[PlyCount "113"]
[EventDate "2017.12.02"]
[EventType "swiss"]
[EventRounds "9"]
[EventCountry "ESP"]
[SourceTitle "CBM 182 Extra"]
[Source "ChessBase"]
[SourceDate "2018.02.23"]
[SourceVersion "1"]
[SourceVersionDate "2018.02.23"]
[SourceQuality "1"]

1. e4 c5 2. Nc3 d6 3. a3 Nc6 4. Bc4 Nf6 5. d3 g6 6. Ba2 Bg7 7. h3 0-0 8. Nf3 Bd7 9. 0-0 Rb8 10. Re1 b5 11. Ne2 a5 12. Ng3 b4 13. a4 Na7 14. Bb3 Nc8 15. e5 dxe5 16. Nxe5 Nb6 17. Qe2 e6 18. Bg5 Qc7 19. Ne4 Nxe4 20. Qxe4 Qxe5 21. Qxe5 Bxe5 22. Rxe5 f6 23. Rxc5 fxg5 24. Rxa5 Rf5 25. Ra7 Bc8 26. a5 Nd5 27. Bc4 Rf7 28. Rxf7 Kxf7 29. Kh2 Bb7 30. a6 Ba8 31. Ra5 Kf6 32. Rc5 Ke5 33. c3 bxc3 34. bxc3 Kd6 35. d4 Nxc3 36. Rxg5 Ne4 37. Re5 Nxf2 38. Rxe6+ Kd7 39. Rf6 Ne4 40. Rf7+ Kd6 41. Rxh7 Rb4 42. Rh8 Bc6 43. d5 Bxd5 44. Bxd5 Kxd5 45. a7 Ra4 46. a8Q+ Rxa8 47. Rxa8 Ke5 48. Re8+ Kf5 49. Rxe4 Kxe4 50. Kg3 Ke5 51. Kg4 Kf6 52. Kf4 g5+ 53. Kg4 Kg6 54. g3 Kf6 55. Kh5 Kf5 56. g4+ Kf6 57. Kh6 1-0

[Event "Madrid-ch sf"]
[Site "Madrid"]
[Date "2017.03.30"]
[Round "4"]
[White "Vazquez Gonzalez, Francisco"]
[Black "Martinez Fernandez, Raul"]
[Result "1-0"]
[WhiteElo "1955"]
[BlackElo "2059"]
[PlyCount "71"]
[EventDate "2017.03.27"]
[EventType "swiss"]
[EventRounds "9"]
[EventCountry "ESP"]
[SourceTitle "CBM 177 Extra"]
[Source "ChessBase"]
[SourceDate "2017.04.27"]
[SourceVersion "1"]
[SourceVersionDate "2017.04.27"]
[SourceQuality "1"]

1. e4 e5 2. Nf3 Nc6 3. Bc4 Nf6 4. Ng5 d5 5. exd5 Na5 6. Bb5+ c6 7. dxc6 bxc6 8. Qf3 Rb8 9. Be2 Be7 10. Ne4 Nd5 11. d4 f5 12. Ned2 e4 13. Qg3 Be6 14. Qxg7 Rg8 15. Qh6 Kd7 16. Nb3 Nb7 17. c4 Nb4 18. Na3 Rxg2 19. Bf4 Qg8 20. Bg3 Rf8 21. d5 cxd5 22. cxd5 Nxd5 23. Bb5+ Kd8 24. Nd4 Nc5 25. Nc6+ Kc8 26. Nxe7+ Nxe7 27. Qf4 Rxg3 28. hxg3 Nd3+ 29. Bxd3 exd3 30. Rc1+ Kd7 31. Rc7+ Ke8 32. Nb5 Nd5 33. Nd6+ Kd8 34. Nb7+ Ke8 35. Qa4+ Bd7 36. Qxd7# 1-0

[Event "Madrid-ch sf"]
[Site "Madrid"]
[Date "2017.03.29"]
[Round "3"]
[White "Quevedo Marin, Manuel"]
[Black "Vazquez Gonzalez, Francisco"]
[Result "1-0"]
[WhiteElo "2245"]
[BlackElo "1955"]
[PlyCount "51"]
[EventDate "2017.03.27"]
[EventType "swiss"]
[EventRounds "9"]
[EventCountry "ESP"]
[SourceTitle "CBM 177 Extra"]
[Source "ChessBase"]
[SourceDate "2017.04.27"]
[SourceVersion "1"]
[SourceVersionDate "2017.04.27"]
[SourceQuality "1"]

1. d4 d6 2. e4 Nf6 3. Nc3 e5 4. Nge2 Nc6 5. h3 Be7 6. Be3 0-0 7. d5 Na5 8. Ng3 b6 9. Be2 Ne8 10. Qd2 f5 11. Nxf5 Bxf5 12. exf5 Rxf5 13. Bd3 Rf8 14. Ne4 Nb7 15. b4 a5 16. c3 axb4 17. cxb4 Ra3 18. 0-0 Qd7 19. Rac1 Nd8 20. Bb1 Bf6 21. Rc3 Rxc3 22. Qxc3 Qf7 23. Qd3 Qh5 24. Ng3 Qh4 25. Nf5 Qh5 26. Nh6+ 1-0

[Event "Madrid-ch sf"]
[Site "Madrid"]
[Date "2017.03.28"]
[Round "2"]
[White "Vazquez Gonzalez, Francisco"]
[Black "Lozano Sanchez, Jose Antonio"]
[Result "1-0"]
[WhiteElo "1955"]
[BlackElo "1864"]
[PlyCount "97"]
[EventDate "2017.03.27"]
[EventType "swiss"]
[EventRounds "9"]
[EventCountry "ESP"]
[SourceTitle "CBM 177 Extra"]
[Source "ChessBase"]
[SourceDate "2017.04.27"]
[SourceVersion "1"]
[SourceVersionDate "2017.04.27"]
[SourceQuality "1"]

1. e4 e5 2. Nf3 Nc6 3. Bc4 Nf6 4. Ng5 d5 5. exd5 Na5 6. Bb5+ Bd7 7. Qe2 Nxd5 8. Bxd7+ Qxd7 9. Qxe5+ Qe7 10. Qxe7+ Bxe7 11. Ne4 Nb4 12. Kd1 0-0-0 13. a3 Nd5 14. d3 f5 15. Ng5 Rde8 16. Nf3 Nc6 17. Bd2 Bf6 18. Nc3 Rd8 19. Nxd5 Rxd5 20. Bc3 Bxc3 21. bxc3 Re8 22. Kd2 h6 23. h4 g6 24. Rhe1 Rxe1 25. Rxe1 Kd7 26. d4 Ra5 27. Ra1 Kd6 28. Kd3 Ne7 29. Ne5 Ra4 30. Nf7+ Kd7 31. f3 Nd5 32. Ne5+ Ke6 33. Nxg6 Kf6 34. h5 Kg5 35. g3 Kxh5 36. Ne5 Kg5 37. f4+ Nxf4+ 38. gxf4+ Kxf4 39. Rf1+ Kg5 40. Rg1+ Kf4 41. Ng6+ Kf3 42. Rh1 Kg4 43. Ne5+ Kg3 44. Rxh6 Rxa3 45. Rg6+ Kf4 46. Rg7 c5 47. Nc4 Ra1 48. Rxb7 Rd1+ 49. Ke2 1-0

[Event "Madrid-ch Previa-B"]
[Site "Madrid"]
[Date "2017.02.04"]
[Round "3"]
[White "Fernandez Garcia, Emiliano"]
[Black "Vazquez Gonzalez, Francisco"]
[Result "0-1"]
[WhiteElo "1541"]
[BlackElo "1943"]
[PlyCount "134"]
[EventDate "2017.02.02"]
[EventType "swiss"]
[EventRounds "9"]
[EventCountry "ESP"]
[SourceTitle "EXT 2018"]
[Source "ChessBase"]
[SourceDate "2017.10.13"]
[SourceVersion "1"]
[SourceVersionDate "2017.10.13"]
[SourceQuality "1"]

1. d4 d6 2. c4 e5 3. dxe5 dxe5 4. Qxd8+ Kxd8 5. e4 c6 6. Nf3 f6 7. Be2 Be6 8. 0-0 Nd7 9. Rd1 Kc7 10. a3 Nc5 11. Nc3 Nb3 12. Ra2 Bc5 13. Nd2 Nd4 14. b4 Be7 15. Ra1 Nh6 16. h3 g5 17. g4 Nf7 18. Bb2 h5 19. Kg2 Nxe2 20. Nxe2 hxg4 21. hxg4 Bxg4 22. f3 Bh3+ 23. Kg3 Be6 24. Rh1 Rad8 25. Bc3 Nd6 26. Rxh8 Rxh8 27. c5 Nb5 28. a4 Nxc3 29. Nxc3 a5 30. bxa5 Bxc5 31. Rb1 Rd8 32. Nb3 Bb4 33. Ne2 Bxb3 34. Rxb3 Bxa5 35. Kg4 Rd2 36. Nc3 Rc2 37. Nd1 Rc4 38. Kf5 Rxa4 39. Kxf6 b5 40. Kxe5 c5 41. Rxb5 Kc6 42. Rb1 Bd2 43. Rb2 Bf4+ 44. Ke6 Ra3 45. Rf2 c4 46. e5 c3 47. Kf6 Bd2 48. Nxc3 Bxc3 49. Kf5 Kd7 50. e6+ Ke7 51. Re2 Ra5+ 52. Kg6 Bf6 53. Re3 Ra6 54. Kf5 Ra5+ 55. Kg4 Rb5 56. Re4 Rb8 57. Kf5 Rb5+ 58. Kg6 Rb3 59. f4 gxf4 60. Rxf4 Rg3+ 61. Kh5 Kxe6 62. Rg4 Re3 63. Kh6 Be5 64. Rg2 Rf3 65. Rg4 Rf8 66. Kh7 Kf7 67. Kh6 Bf6 0-1

[Event "Madrid San Viator op 25th"]
[Site "Madrid"]
[Date "2015.10.25"]
[Round "5"]
[White "Vazquez Gonzalez, Francisco"]
[Black "Blanco Diez, David"]
[Result "1-0"]
[WhiteElo "1929"]
[BlackElo "1719"]
[PlyCount "39"]
[EventDate "2015.10.04"]
[EventType "swiss"]
[EventRounds "9"]
[EventCountry "ESP"]
[SourceTitle "CBM 169 Extra"]
[Source "ChessBase"]
[SourceDate "2015.12.18"]
[SourceVersion "1"]
[SourceVersionDate "2015.12.18"]
[SourceQuality "1"]

1. e4 e5 2. Nf3 Nc6 3. d4 exd4 4. Nxd4 Nf6 5. Nc3 Bb4 6. Nxc6 bxc6 7. Bd3 0-0 8. Bg5 h6 9. Bh4 Re8 10. 0-0 Bxc3 11. bxc3 g5 12. Bg3 Nxe4 13. Qh5 Kg7 14. Rae1 d5 15. Bxe4 Rxe4 16. Rxe4 dxe4 17. f4 f5 18. fxg5 hxg5 19. Be5+ Kf8 20. Qh8+ 1-0

[Event "Madrid Oliver Gonzalez Memorial-B 4th"]
[Site "Madrid"]
[Date "2015.10.10"]
[Round "1"]
[White "Vazquez Cabeza, Isaac"]
[Black "Vazquez Gonzalez, Francisco"]
[Result "0-1"]
[WhiteElo "1662"]
[BlackElo "1929"]
[PlyCount "74"]
[EventDate "2015.10.10"]
[EventType "swiss"]
[EventRounds "9"]
[EventCountry "ESP"]
[SourceTitle "EXT 2019"]
[Source "ChessBase"]
[SourceDate "2018.10.10"]
[SourceVersion "1"]
[SourceVersionDate "2018.10.10"]
[SourceQuality "1"]

1. c4 f5 2. d4 Nf6 3. Nc3 d6 4. Nf3 g6 5. g3 Bg7 6. Bg2 0-0 7. 0-0 Qe8 8. Qb3 c6 9. Rd1 h6 10. d5 cxd5 11. Nxd5 Nxd5 12. cxd5 Nd7 13. Be3 Nf6 14. Nd4 a6 15. Ne6 Bxe6 16. dxe6 Ng4 17. Bd4 f4 18. Bxg7 Kxg7 19. Qc3+ Kh7 20. Bxb7 fxg3 21. Qxg3 Rb8 22. Qxg4 Rxb7 23. b3 Rb5 24. h4 Rbf5 25. f3 Rf4 26. Qg3 Qb5 27. Re1 Qf5 28. Rac1 Qxe6 29. Rc6 a5 30. Ra6 R4f5 31. Qf2 R8f7 32. Rc1 Re5 33. e4 Rxe4 34. Ra8 Re2 35. Qd4 Rf6 36. Rac8 Re1+ 37. Kg2 Qe2+ 0-1